Historiadores de Indias (Registro nro. 19538)

Detalles MARC
000 -CABECERA
Longitud fija campo de control 00886nam a2200205 4500
003 - IDENTIFICADOR DELl NÚMERO DE CONTROL
Identificador del número de control OSt
005 - FECHA Y HORA DE LA ÚLTIMA TRANSACCIÓN
Fecha y hora de la última transacción 20150327184044.0
008 - CÓDIGOS DE INFORMACIÓN DE LONGITUD FIJA
Códigos de información de longitud fija 881014s1956 sp spa
040 ## - FUENTE DE LA CATALOGACIÓN
Centro transcriptor BMC
082 ## - NÚMERO DE LA CLASIFICACIÓN DECIMAL DEWEY
Númeroo de clasificación 980.0102
245 00 - MENCIÓN DE TÍTULO
Título Historiadores de Indias
Mención de responsabilidad, etc. selección, estudio preliminar y notas por Germán Arciniegas
250 ## - MENCIÓN DE EDICIÓN
Mención de edición 3ª ed
260 ## - PUBLICACIÓN, DISTRIBUCIÓN, ETC. (PIE DE IMPRENTA)
Lugar de publicación, distribución, etc. Buenos Aires [etc.]
Nombre del editor, distribuidor, etc. W.M. Jackson
Fecha de publicación, distribución, etc. 1956
300 ## - DESCRIPCIÓN FÍSICA
Extensión XX, 444 p.
Dimensiones 21 cm
490 ## - MENCIÓN DE SERIE
Mención de serie Clásicos Jackson
Designación de volumen o secuencia 27
505 ## - NOTA DE CONTENIDO CON FORMATO
Nota de contenido con formato Contiene: Cristóbal Colón -- Fernández de Oviedo -- Fray Bartolomé de las Casas -- Inca Garcilaso de la Vega -- Antonio de Solís -- Bernal Díaz del Castillo -- Fray Pedro Aguado --<br/>Antonio de Herrera-- Pero Hernández -- Fray Pedro Simón.
651 24 - PUNTO DE ACCESO ADICIONAL DE MATERIA - NOMBRE GEOGR&Aacute;FICO
Nombre geogr&aacute;fico América española
Subdivisi&oacute;n de materia general Historia
Subdivisi&oacute;n cronol&oacute;gica 1492-1600 (Descubrimiento y conquista)
Subdivisi&oacute;n de forma Fuentes
9 (RLIN) 1308
700 1# - PUNTO DE ACCESO ADICIONAL - NOMBRE DE PERSONA
Nombre de persona Arciniegas, Germán
Fechas asociadas al nombre 1900-1999
942 ## - ENTRADA DE ELEMENTOS AGREGADOS (KOHA)
Fuente de clasificai&oacute;n o esquema Dewey Decimal Classification
Koha [por defecto] tipo de item 1- Monografias
Existencias
Suprimido Perdido Fuente de clasificaci&oacute;n o esquema Estropeado Restricciones de uso No para pr&eacute;stamo C&oacute;digo de colecci&oacute;n Localizaci&oacute;n permanente Localizaci&oacute;n actual Localizaci&oacute;n en estanter&&iacute;acute;as Fecha adquisici&oacute;n Fuente de adquisici&oacute;n N&uacute;mero de inventario Pr&eacute;stamos totales Signatura completa C&oacute;digo de barras Fecha &uacute;ltima consulta Fecha del precio de reemplazo Tipo de item de Koha
NULL NULL Dewey Decimal Classification NULL Prestable NULL NULL Biblioteca Miguel de Cervantes - UNICAES Biblioteca Miguel de Cervantes - UNICAES Sala Principal 14/03/2015 Donación - Marco Rene Revelo 029020   980.01 HIS 1029651 14/03/2015 14/03/2015 1- Monografias